Central Library OPAC University of Rajshahi

পদ্মা নদী ভাঙ্গনের ফলে কুষ্টিয়া জেলার জনসংখ্যার অবস্থান ও পেশাগত পরিবর্তন প্রেক্ষিত / (Record no. 75862)

MARC details
000 -LEADER
fixed length control field 01990ntm a2200301 4500
001 - CONTROL NUMBER
control field 75862
003 - CONTROL NUMBER IDENTIFIER
rucl marc code BD-RjUL
005 - DATE AND TIME OF LATEST TRANSACTION
control field 20211209082745.0
008 - FIXED-LENGTH DATA ELEMENTS--GENERAL INFORMATION
fixed length control field 190801s2015 bg ||||| |mb| 00| 0dben d
035 ## - SYSTEM CONTROL NUMBER
System control number (BD-RjUL)76081
040 ## - CATALOGING SOURCE
Original cataloging agency BD-RjUL
Language of cataloging ben/eng
Transcribing agency BD-RjUL
Modifying agency BD-RjUL
041 ## - LANGUAGE CODE
Language code of text/sound track or separate title ben
082 ## - DEWEY DECIMAL CLASSIFICATION NUMBER
Edition number 23
Classification number 304.81
Author mark and year MOP 2015
100 1# - MAIN ENTRY--PERSONAL NAME
Personal name মোহাইমেন, মো. আব্দুল
9 (RLIN) 164801
245 10 - TITLE STATEMENT
Title পদ্মা নদী ভাঙ্গনের ফলে কুষ্টিয়া জেলার জনসংখ্যার অবস্থান ও পেশাগত পরিবর্তন প্রেক্ষিত /
Statement of responsibility, etc. উপস্থাপনায়: মো. আব্দুল মোহাইমেন ;
Linkage তত্ত্বাবধায়ক: মো. আবু হানিফ শেখ
260 ## - PUBLICATION, DISTRIBUTION, ETC. (IMPRINT)
Place of publication, distribution, etc. রাজশাহী :
Name of publisher, distributor, etc. ভূগোল ও পরিবেশ বিদ্যা বিভাগ, রাজশাহী বিশ্ববিদ্যালয়,
Date of publication, distribution, etc. ২০১৫
300 ## - PHYSICAL DESCRIPTION
Pagination xiii, ১৯৮ পাতা :
Illustrations চিত্র ;
Size ২৯ সেমি.
502 ## - DISSERTATION NOTE
Dissertation note থিসিস (পিএইচ. ডি.)-- ভূগোল ও পরিবেশ বিদ্যা বিভাগ, রাজশাহী বিশ্ববিদ্যালয়, ২০১৫
504 ## - BIBLIOGRAPHY, ETC. NOTE
Bibliography, etc গ্রন্থপঞ্জি: পাতা [১৭৯]-১৯৪
650 ## - SUBJECT ADDED ENTRY--TOPICAL TERM
Topical term or geographic name as entry element অভিবাসন, অভ্যন্তরীণ
Geographic subdivision বাংলাদেশ
9 (RLIN) 232593
Topical term or geographic name as entry element Migration, Internal
Geographic subdivision Bangladesh
9 (RLIN) 232594
Topical term or geographic name as entry element গ্রাম জনসংখ্যা
Geographic subdivision বাংলাদেশ
9 (RLIN) 136387
Topical term or geographic name as entry element Rural population
Geographic subdivision Bangladesh.
9 (RLIN) 232595
Topical term or geographic name as entry element গ্রামীণ দরিদ্র
Geographic subdivision বাংলাদেশ
9 (RLIN) 232596
Topical term or geographic name as entry element Rural poor
Geographic subdivision Bangladesh.
9 (RLIN) 232597
700 ## - ADDED ENTRY--PERSONAL NAME
Personal name শেখ, মো. আবু হানিফ, তত্ত্বাবধায়ক
942 ## - ADDED ENTRY ELEMENTS (KOHA)
Source of classification or shelving scheme Dewey Decimal Classification
Koha item type Theses
Holdings
Lost status Source of classification or shelving scheme Damaged status Not for loan Collection code Permanent Location Current Location Shelving location Date acquired Source of acquisition Total Checkouts Full call number Date last seen Copy number Koha item type
  Dewey Decimal Classification   Not For Loan Theses Central Library, University of Rajshahi Central Library, University of Rajshahi Documentation Section 30/07/2016 Controller of Examination Office, R. U.   BTHE 304.81 MOP 2015 01/08/2019 C-1 Theses